000
00267nam a22001097a 4500
082
_a
657
_b
GUP/A
100
_a
NEESHA GUPTA
245
_a
ACCOUNTANCY
_b
CLASS XII
260
_a
DELHI
_b
DHANPAT RAI & CO
_c
2014
650
_a
PARTNERSHIP FIRMS AND COMPANIES
_z
INDIA
942
_c
BK
999
_c
613
_d
613